000 00330nam a2200109Ia 4500
008 200302s9999 xx 000 0 und d
100 _aM. K. Jain & Others
245 _aNumerical Methods for Scientific and Engineering Computation 5th ed
260 _bNew Age International Pvt. Ltd. Publishers
260 _c2008
300 _a802 P.,
999 _c2568
_d2568